MARC

LEADER 00000nam a2200000Ia 4500
001 11043
008 160829s1993 xx 000 0 cat d
080 |a FU-27-9 
110 1 |a Barcelona (Catalunya : Província).  |b Organisme Autònom Local de Gestió Tributària  |9 53833 
245 |a Organisme Autònom Local de gestió Tributària 
260 |a Barcelona :  |b Butlletí Oficial de la Província de Barcelona,  |c 1993 
300 |a 30 p. ;  |c 30 cm 
590 |a Conté: Estatuts. Reglament orgànic funcional. Ordenança general de gestió, inspecció i recaptació dels ingressos de dret públic municipals, la gestió dels quals ha estat delegada en la Diputació de Barcelona 
650 |a Organisme Autònom Local de Gestió Tributària  |x Estatuts   |9 30830 
650 |a Organisme Autònom Local de Gestió Tributària  |x Reglaments i procediment   |9 30831 
650 |a Impostos  |x Recaptació  |9 30832 
901 |a Arxiu 
942 |n 1 
952 |0 0  |1 0  |4 0  |6 FU279  |7 1  |9 45540  |a Arxiu  |b Arxiu  |d 2016-12-01  |l 0  |o FU-27-9  |p 11043  |r 2016-12-01 00:00:00  |w 2016-12-01  |y ARXIU 
999 |c 48708  |d 48708